| 000 -LEADER |
| fixed length control field |
00802cam a22002297a 4500 |
| 020 ## - INTERNATIONAL STANDARD BOOK NUMBER |
| ISBN |
9780670067350 |
| 040 ## - CATALOGING SOURCE |
| Transcribing agency |
NLC |
| 082 04 - DEWEY DECIMAL CLASSIFICATION NUMBER |
| Classification number |
940 VIK 2008 A114 Or. |
| 100 1# - MAIN ENTRY--AUTHOR NAME |
| Personal name |
Cook, Tim, |
| 245 10 - TITLE STATEMENT |
| Title |
Shock troops : |
| Remainder of title |
Canadians fighting the Great War, 1917-1918 / |
| 246 33 - VARYING FORM OF TITLE |
| Title proper/short title |
At the sharp end, Canadians fighting the Great War, 1914-1916 |
| 260 ## - PUBLICATION, DISTRIBUTION, ETC. (IMPRINT) |
| Place of publication |
Toronto : |
| Name of publisher |
Viking Canada, |
| Year of publication |
2008. |
| 300 ## - PHYSICAL DESCRIPTION |
| Number of Pages |
viii, 727 p. : |
| Other physical details |
ill., maps, ports. ; |
| Dimensions |
24 cm. |
| 500 ## - GENERAL NOTE |
| General note |
"Volume Two". |
| 500 ## - GENERAL NOTE |
| General note |
Continues: At the sharp end : Canadians fighting the Great War, 1914-1916. |
| 650 #0 - SUBJECT ADDED ENTRY--TOPICAL TERM |
| Topical Term |
World War, 1914-1918 |
| 650 #0 - SUBJECT ADDED ENTRY--TOPICAL TERM |
| Topical Term |
World War, 1914-1918 |
| 650 #6 - SUBJECT ADDED ENTRY--TOPICAL TERM |
| Topical Term |
Guerre mondiale, 1914-1918 |
| 650 #6 - SUBJECT ADDED ENTRY--TOPICAL TERM |
| Topical Term |
Guerre mondiale, 1914-1918 |
| 856 42 - ELECTRONIC LOCATION AND ACCESS |
| Uniform Resource Identifier |
http://www.h-net.org/reviews/showrev.php?id=24290 |
| 942 ## - ADDED ENTRY ELEMENTS (KOHA) |
| Koha item type |
សៀវភៅភាសាអង់គ្លេស |
| 952 ## - LOCATION AND ITEM INFORMATION (KOHA) |
| Withdrawn status [LOCAL, KOHA] |
0 |